| 000 | 00689cam a2200181 a 4500 | ||
|---|---|---|---|
| 020 | _a0671743430 | ||
| 082 | 0 | 0 |
_a327.973 _bNIX _cD |
| 100 | 1 |
_aNixon, Richard M. _937814 |
|
| 245 | 1 | 0 |
_aSeize the moment : _bAmerica's challenge in a one-superpower world / _cRichard Nixon. |
| 260 |
_aNew York : _bSimon & Schuster, _cc1992. |
||
| 300 |
_a322 p. ; _c24 cm. |
||
| 500 | _aIncludes index. | ||
| 526 |
_a0 _b0 _c0 _d327_973000000000000_NIX |
||
| 526 |
_a0 _b0 _c0 _d327_973000000000000_NIX |
||
| 590 | _aRare Book copy: Presentation a.l.s. to Harrison Salisbury, Woodcliff Lake, New Jersey, January 2, 1991, removed and catalogued for MS Coll Salisbury. | ||
| 650 |
_aMCE _9379 |
||
| 942 |
_2ddc _cBK |
||
| 999 |
_c542600 _d542600 |
||